000 00241nam a2200109Ia 4500
008 220216s9999 xx 000 0 und d
100 _aThomas K U
245 0 _aIUT: Prayogikamo ?
260 _bRubber
_c2007
300 _a11-13.
942 _cML
999 _c72803
_d72803